Urbis romae viri illustres a Romulo ad Augustum

Αποθηκεύτηκε σε:
Λεπτομέρειες βιβλιογραφικής εγγραφής
Κύριος συγγραφέας: L'Homond, C. F., 1727-1794
Άλλοι συγγραφείς: Χατζηεμμανουήλ, Δημήτριος Π.
Μορφή: Βιβλίο
Γλώσσα:Latin
Greek
Δημοσίευση: Εν Αθήναις : Εκδότης Γεώργιος Κασδόνης, 1898
Σειρά:Βιβλιοπωλείον της Εστίας
Θέματα:
Ετικέτες: Προσθήκη ετικέτας
Δεν υπάρχουν, Καταχωρήστε ετικέτα πρώτοι!

MARC

LEADER 00000cam a2200000 i 4500
001 1/67876
008 150225m1898 lat d
035 |l 10121248 
040 |a GR-MY-UA  |b gre  |e aacr 
041 0 |a lat  |h gre 
082 0 |a 920.037  |2 (23) 
100 1 |a L'Homond, C. F.,   |d 1727-1794. 
245 1 0 |a Urbis romae viri illustres a Romulo ad Augustum /  |c Auctore Lhomond ; υπό Δημητρίου Π. Χατζηεμμανουήλ 
260 |a Εν Αθήναις :   |b Εκδότης Γεώργιος Κασδόνης,   |c 1898 
300 |a 2 τχ. (116, 79 σ.);  |c 22 εκ. 
490 1 |a Βιβλιοπωλείον της Εστίας 
500 |a Στη σ. τ. του τεύχους Α'-Β' σφραγίδα "Πορφυριάς Εμπορική Σχολή Σάμου - Εν Καρλοβασίω" με αρ. 1278, 1279. 
505 0 |a τευχ. Α'- Κείμενοντευχ. Β'- Σημειώσεις 
650 0 0 |a Latin language  |x Readers. 
651 0 |a Rome  |x Biography. 
700 1 |a Χατζηεμμανουήλ, Δημήτριος Π. 
830 0 |a Βιβλιοπωλείον της Εστίας 
852 |a INST  |b SAMOS  |c PORFYRIADA  |e 20150225  |h 920.037 LHO  |p 005300041821  |q 005300041821  |t NOLOAN  |y 23  |z τ.1 
852 |a INST  |b SAMOS  |c PORFYRIADA  |e 20150225  |h 920.037 LHO  |p 005300041822  |q 005300041822  |t NOLOAN  |y 23  |z τ.2 
852 |a INST  |b SAMOS  |c PORFYRIADA  |e 20150225  |h 920.037 LHO  |p 005300041821  |q 005300041821  |t NOLOAN  |v τ.1:  |y 23  |z τ.1 
852 |a INST  |b SAMOS  |c PORFYRIADA  |e 20150225  |h 920.037 LHO  |p 005300041822  |q 005300041822  |t NOLOAN  |v τ.2:  |y 23  |z τ.2 
853 |a INST  |b SAMOS  |c PORFYRIADA  |h 920.037 LHO 
901 |a BIBL3-2015-1 
909 |a Σ  |b 191880 
909 |a Σ  |b 191881 
970 |a ΣΙΤΖΙΜΗ  |b ΓΙΑΣΕΜΗ  |z 2015/02/25